000 00659nam a2200241Ia 4500
001 11077
003 GE_BSU
008 181216s||||||||xx |||||||||||||| ||und||
020 _a9781856048064
040 _cGE_BSU
080 _a02+658
100 _aPotter, Ned.
245 4 _aThe Library Marketing Toolkit.
260 _aLondon.
260 _bFacet Publishing.
260 _c2012.
300 _a218p;ill;24cm.
520 _aშემოსულია ტემპუსის პროექტით.
541 _h171Gel.
653 _aThe Library Marketing Toolkit.
653 _aტემპუსის პროექტით
942 _cBK
999 _c44319
_d44319